Isoprenoid biosynthesis: The Hevea factory (Record no. 45468)

MARC details
000 -LEADER
fixed length control field 00495nam a2200181Ia 4500
100 ## - MAIN ENTRY--AUTHOR NAME
Personal name Kush Anil
245 #0 - TITLE STATEMENT
Title Isoprenoid biosynthesis: The Hevea factory
260 ## - PUBLICATION, DISTRIBUTION, ETC. (IMPRINT)
Name of publisher Plant Physiology and Biochemistry
Year of publication 1994
300 ## - PHYSICAL DESCRIPTION
Number of Pages 761-767
650 ## - SUBJECT ADDED ENTRY--TOPICAL TERM
Topical Term Ethephon
650 ## - SUBJECT ADDED ENTRY--TOPICAL TERM
Topical Term Hevea brasiliensis
650 ## - SUBJECT ADDED ENTRY--TOPICAL TERM
Topical Term Isoprenoids
650 ## - SUBJECT ADDED ENTRY--TOPICAL TERM
Topical Term Natural rubber
650 ## - SUBJECT ADDED ENTRY--TOPICAL TERM
Topical Term Signal transduction
650 ## - SUBJECT ADDED ENTRY--TOPICAL TERM
Topical Term Tissue specific gene expression
942 ## - ADDED ENTRY ELEMENTS (KOHA)
Koha item type Reprints
Holdings
Withdrawn status Lost status Damaged status Not for loan Home library Current library Shelving location Date acquired Serial Enumeration / chronology Koha item type
      Reprints RRII Library RRII Library Plant physiology 22/12/2021 Volume 32, Issue 6 Reprints